000 00931nam a22001337a 4500
008 190209b xxu||||| |||| 00| 0 eng d
020 _a9788417047436
082 _a708
_bAM524a
100 _aAdes, Dawn et all.
_96883
245 _aCarlos Amorales. Axiomas para la acción.
300 _a199 p.
_bill (col).
_c22 x 16.5 cm.
505 _tEsta muestra es una máscara: Axiomas para la acción (1996-2018)
_rAmorales, Carlos y Medina, Cuauhtémoc
_tAxiomas para la acción (1996-2016)
_rAmorales, Carlos
_tLista de obras
_rAmorales, Carlos
_tBlack Cloud (Aftermath)
_rAmorales, Carlos
_tUna máscara toca la flauta
_rAmorales, Carlos
_tLa materia del lenguaje vista desde tres de muchas casas
_rBarnas, María
_tCarlos Amorales desde una perspectiva dadaísta
_rAdes, Dawn
_tProliferación Amorales
_rMedina, Cuauhtémoc
_tSemblanza
_tCréditos
650 _2Arte contemporáneo
_vArte - exhibiciones
_vArte - performance
_zArte - México
_zArte - MUAC
_96884
999 _c1717
_d1717